Statistics for KANO QUIZ

Click here to take the quiz!

General Stats

  • This quiz has been taken 35 times
  • The average score is 7 of 15

Answer Stats

LyricSong% Correct
That's the difference between me and youP's and Q's
74%
69 Manor Road, Sunday MorningT-Shirt Weather In The Manor
74%
Nah F**k That 7 Seater To Heathrow, Flyout TingGarage Skank
70%
Welcome To The Jungle, King Of Tis Sh*t Royal Blood, Welcome To The RumbleHail
63%
And No, Not China and Not Taiwan, Kano Was Made In The Bloodclart ManorNew Banger
63%
Knowing You've Never Seen A Man Buy A Bentley With A Book, We Take To Water Like A DuckThis Is England
56%
If It's Another Nominee Brudda, Imma Let You Finish Your Speech BruddaFlow of The Year
52%
Man Can't Call Up My Phone and Gwarn Like a Direct Rudeboy3 Wheel-Ups
48%
Too Many Man Talk 'Nuff Blah BlahEndz
44%
It Was KD Crew Yeah, Kane and DeanStrangers
44%
Couple Liv Pope's And A Couple Iggy'sMy Sound
41%
Livin In The Ill Manor But We're No Plan BSeashells In The East
41%
Gangster's Are Like Superheroes To Us, More Chance Of Being Them Like A Lawyer Or DocA Roadman's Hymn
37%
Spray Like Cage And You'll Make Great FiguresLondon Town
15%
I'm tryin to perfect my flow flows so my doe grows loads like Pinocchio's noseHome Sweet Home
7%

Score Distribution

Percentile by Number Answered

Percent of People with Each Score

Your Score History

You have not taken this quiz